| 000 | 00528nam a22002057a 4500 | ||
|---|---|---|---|
| 003 | CEME | ||
| 005 | 20210628205358.0 | ||
| 008 | 210127b xxu||||| |||| 00| 0 eng d | ||
| 020 | _a0-07-020082-3 | ||
| 040 | _c. | ||
| 082 | _a332.6 FAR | ||
| 100 |
_aFarrell, James L _975241 |
||
| 245 | _aPortfolio management,theory and application | ||
| 250 | _a2ND | ||
| 260 |
_aNEW YORK _bMCGRAW HILL _c1997 |
||
| 300 | _aXVI,560P | ||
| 650 |
_aPORTFOLIO MANAGEMENT _97726 |
||
| 700 |
_aREINHART, WALTER J _975242 |
||
| 942 |
_cBK _2ddc |
||
| 999 |
_c580701 _d580701 |
||